Fundamentals of aircraft design /

Bibliographic Details
Main Author: Nicolai, Leland Malcolm
Format: Book
Language:English
Published: ©1975
Subjects:

MARC

Tag First Indicator Second Indicator Subfields
LEADER 00000cam a2200000 i 4500
001 in00000462321
005 20151012162505.0
008 750930s1975 ohua b 00010 eng
010 |a  75324893  
035 |a (OCoLC)01664085 
035 |9 ABZ5402AM 
040 |a NRC  |c NRC  |d TXA  |d UtOrBLW 
049 |a TXAM  |c [973480] 
050 0 0 |a TL671.2  |b .N5 
100 1 |a Nicolai, Leland Malcolm. 
245 1 0 |a Fundamentals of aircraft design /  |c Leland M. Nicolai. 
264 2 |a Dayton, Ohio :  |b Nicolai : distributed by School of Engineering, University of Dayton,  |c [1975] 
264 4 |c ©1975 
300 |a 587 pages in various pagings :  |b illustrations ;  |c 29 cm. 
336 |a text  |b txt  |2 rdacontent 
337 |a unmediated  |b n  |2 rdamedia 
338 |a volume  |b nc  |2 rdacarrier 
504 |a Includes bibliographies. 
650 0 |a Airplanes  |x Design and construction. 
999 |a MARS 
999 f f |s 03475d77-939e-3ef7-b040-1b39525d3a8c  |i b432ac6f-c17f-3617-b7c7-f371f07b45c2  |t 0 
952 f f |p normal  |a Texas A&M University  |b College Station  |c Sterling C. Evans Library  |d Evans: Library Stacks  |t 0  |e TL671.2 .N5  |h Library of Congress classification  |i unmediated -- volume  |m A14805546383 
998 f f |a TL671.2 .N5  |t 0  |l Evans: Library Stacks